You can have a family where everybody wins: (Record no. 14725)

000 -LEADER
fixed length control field 00685nam a2200193 a 4500
001 - CONTROL NUMBER
control field :::00012559$&:&@@
003 - CONTROL NUMBER IDENTIFIER
control field OkBaRHE
005 - DATE AND TIME OF LATEST TRANSACTION
control field 20000607103420.0
008 - FIXED-LENGTH DATA ELEMENTS--GENERAL INFORMATION
fixed length control field s1975 j 000 0 eng u
040 ## - CATALOGING SOURCE
Transcribing agency
100 1# - MAIN ENTRY--PERSONAL NAME
Personal name Gaulke, Earl H.
245 10 - TITLE STATEMENT
Title You can have a family where everybody wins:
Remainder of title Christian perspectives on parent effectiveness training.
260 ## - PUBLICATION, DISTRIBUTION, ETC. (IMPRINT)
Place of publication, distribution, etc St. Louis, MO., :
Name of publisher, distributor, etc Concordia Publishing House
Date of publication, distribution, etc c1975
300 ## - PHYSICAL DESCRIPTION
Extent 93 p. : illus. ;
Dimensions 21 cm.
650 ## - SUBJECT ADDED ENTRY--TOPICAL TERM
Topical term or geographic name as entry element Child Rearing
650 ## - SUBJECT ADDED ENTRY--TOPICAL TERM
Topical term or geographic name as entry element Parenting
General subdivision Religious Aspects
-- Christianity
942 ## - ADDED ENTRY ELEMENTS (KOHA)
Source of classification or shelving scheme
Koha item type Books
Copies
Barcode Withdrawn status Damaged status Source of classification or shelving scheme Permanent Location Shelving location Not for loan Copy number Koha item type Lost status Price effective from Full call number Date last seen Date acquired
12559   RHEMA Bible Training CollegeGeneral Stacks 1Books 2010-04-14HQ 769 .G2962010-04-142010-04-14